[Event "UZB-ch"]
[Site "Tashkent"]
[Date "2017.06.07"]
[Round "11"]
[White "Karshiev, Sherali"]
[Black "Begmuratov, Alisher"]
[Result "0-1"]
[WhiteElo "2217"]
[BlackElo "2411"]
[PlyCount "82"]
[EventDate "2017.05.28"]
[EventType "tourn"]
[EventRounds "11"]
[EventCountry "UZB"]
[EventCategory "4"]
[SourceTitle "EXT 2018"]
[Source "ChessBase"]
[SourceDate "2017.10.13"]
[SourceVersion "1"]
[SourceVersionDate "2017.10.13"]
[SourceQuality "1"]

1. e4 e6 2. d4 d5 3. Nd2 c5 4. exd5 Qxd5 5. dxc5 Bxc5 6. Ngf3 Nf6 7. Bc4 Qc6 8. 0-0 Nbd7 9. Qe2 0-0 10. Nb3 b6 11. Nxc5 Qxc5 12. Be3 Qc7 13. Bd4 Bb7 14. Ne5 Rac8 15. Nxd7 Qxd7 16. Bxf6 gxf6 17. Qg4+ Kh8 18. Qh4 Kg7 19. Qg4+ Kh8 20. Qh4 Rg8 21. Qxf6+ Rg7 22. Rad1 Qc7 23. Rd4 Kg8 24. f3 Rg6 25. Qh4 e5 26. Rg4 e4 27. Bb3 exf3 28. gxf3 Re8 29. Rxg6+ hxg6 30. Qf6 Qc5+ 31. Rf2 Bd5 32. Bxd5 Re1+ 33. Kg2 Qxd5 34. h4 Qd1 35. Qc3 Rh1 36. Kg3 Qd6+ 37. f4 Qd8 38. Qe5 Qxh4+ 39. Kf3 Qh3+ 40. Ke2 Qg4+ 41. Kd2 Rd1+ 0-1

[Event "UZB-ch"]
[Site "Tashkent"]
[Date "2017.06.04"]
[Round "8"]
[White "Sindarov, Javokhir"]
[Black "Karshiev, Sherali"]
[Result "1-0"]
[WhiteElo "2373"]
[BlackElo "2217"]
[PlyCount "55"]
[EventDate "2017.05.28"]
[EventType "tourn"]
[EventRounds "11"]
[EventCountry "UZB"]
[EventCategory "4"]
[SourceTitle "EXT 2018"]
[Source "ChessBase"]
[SourceDate "2017.10.13"]
[SourceVersion "1"]
[SourceVersionDate "2017.10.13"]
[SourceQuality "1"]

1. e4 g6 2. d4 Bg7 3. Nc3 d6 4. f4 Nf6 5. Nf3 0-0 6. Be3 Nbd7 7. Qd2 e5 8. dxe5 dxe5 9. fxe5 Ng4 10. Bg5 Qe8 11. Nd5 Ndxe5 12. Be2 Qa4 13. 0-0 Qxe4 14. Nxe5 Qxe5 15. Bxg4 Bxg4 16. Bf6 Qd6 17. Ne7+ Kh8 18. Qc3 Qxe7 19. Bxg7+ Kg8 20. Rae1 Be6 21. Bh6 f6 22. Bxf8 Rxf8 23. Rf3 f5 24. Qe5 Re8 25. Rc3 c6 26. Qd4 Qg5 27. h4 Qg4 28. Qf6 1-0